Brugnera Luis Carlos (Record no. 861)
[ view plain ]
| 000 -LEADER | |
|---|---|
| campo de control de longitud fija | 01034nam a22002057a 4500 |
| 008 - DATOS DE LONGITUD FIJA--INFORMACIÓN GENERAL | |
| campo de control de longitud fija | 160222b xxu||||| |||| 00| 0 eng d |
| 082 ## - NÚMERO DE LA CLASIFICACIÓN DECIMAL DEWEY | |
| Número de clasificación | 708 |
| Número de ítem | B891b |
| 100 ## - ENTRADA PRINCIPAL--NOMBRE DE PERSONA | |
| Nombre de persona | Brugnera, Luiz Carlos |
| 9 (RLIN) | 4744 |
| 245 ## - MENCIÓN DEL TÍTULO | |
| Título | Brugnera Luis Carlos |
| Mención de responsabilidad, etc. | Luis Carlos Brugnera; Fernando Cocchiarale |
| 260 ## - PUBLICACIÓN, DISTRIBUCIÓN, ETC. | |
| Lugar de publicación, distribución, etc. | Curitiba: |
| Nombre del editor, distribuidor, etc. | Instituto Paranaense de Arte, |
| Fecha de publicación, distribución, etc. | 2007 |
| 300 ## - DESCRIPCIÓN FÍSICA | |
| Extensión | 189 p. |
| Otras características físicas | ill. (col.) |
| Dimensiones | 21 cm. |
| 500 ## - NOTA GENERAL | |
| Nota general | Textos en portugués e inglés. |
| 505 ## - NOTA DE CONTENIDO CON FORMATO | |
| Título | Fernando Cocchiarale |
| -- | Laura Buccellato |
| -- | João Henrique do Amaral |
| -- | Nilza Knechtel Procopiak |
| -- | Desenhos e Outros |
| -- | Casa |
| -- | Varais Micro e Macro |
| -- | Moto |
| -- | Exposições |
| -- | Descrição Técnica |
| -- | Resumos Biográficos dos Autores dos Textos Críticos |
| -- | Textos Críticos (texts in english) |
| -- | Currículo do Artista |
| 600 ## - PUNTO DE ACCESO ADICIONAL DE MATERIA--NOMBRE DE PERSONA | |
| Nombre de persona | Brugnera, LuizCarlos |
| Numeración | 1966 - |
| Subdivisión de forma | Exhibiciones |
| 9 (RLIN) | 4745 |
| 650 ## - PUNTO DE ACCESO ADICIONAL DE MATERIA--TÉRMINO DE MATERIA | |
| Término de materia o nombre geográfico como elemento de entrada | Arte Brasileño |
| Subdivisión general | Exhibiciones |
| Subdivisión cronológica | S 21 |
| 9 (RLIN) | 4746 |
| 700 ## - ENTRADA AGREGADA--NOMBRE PERSONAL | |
| Nombre de persona | Cocchiarale, Fernando |
| 9 (RLIN) | 4317 |
| 700 ## - ENTRADA AGREGADA--NOMBRE PERSONAL | |
| Nombre de persona | Buccellato, Laura |
| 9 (RLIN) | 4747 |
| 700 ## - ENTRADA AGREGADA--NOMBRE PERSONAL | |
| Nombre de persona | do Amaral, João Henrique |
| 9 (RLIN) | 4748 |
| 700 ## - ENTRADA AGREGADA--NOMBRE PERSONAL | |
| Nombre de persona | Knechtel Procopiak, Nilza |
| 9 (RLIN) | 4749 |
| Estatus retirado | Estado de pérdida | Fuente del sistema de clasificación o colocación | Estado de daño | No para préstamo | Biblioteca de origen | Biblioteca actual | Ubicación en estantería | Fecha de adquisición | Total de préstamos | Signatura topográfica completa | Código de barras | Visto por última vez | Precio de reemplazo | Tipo de ítem Koha |
|---|---|---|---|---|---|---|---|---|---|---|---|---|---|---|
| Clasificación Decimal Dewey | Biblioteca LadoV | Biblioteca LadoV | 22/02/2016 | 708 B891b | 000651 | 22/02/2016 | 22/02/2016 | Material 01 |
